[Event "Harburg-chH 13th"]
[Site "Hamburg"]
[Date "2018.08.04"]
[Round "2"]
[White "Nuernberg, Rainer"]
[Black "Oellrich, Emma"]
[Result "1-0"]
[WhiteElo "1180"]
[BlackElo "1139"]
[PlyCount "43"]
[EventDate "2018.08.03"]
[EventType "tourn"]
[EventRounds "5"]
[EventCountry "GER"]
[SourceTitle "EXT 2019"]
[Source "ChessBase"]
[SourceDate "2018.10.10"]
[SourceVersion "1"]
[SourceVersionDate "2018.10.10"]
[SourceQuality "1"]

1. e4 e6 2. d4 d5 3. e5 c5 4. Nf3 Nc6 5. Bb5 Nge7 6. Bg5 a6 7. Bxc6+ bxc6 8. 0-0 Qb6 9. b3 Nf5 10. c3 cxd4 11. cxd4 c5 12. dxc5 Bxc5 13. Nc3 0-0 14. Na4 Qa5 15. Nxc5 Qxc5 16. Rc1 Qb6 17. g4 h6 18. gxf5 hxg5 19. Nxg5 Qd8 20. Qh5 Re8 21. Qxf7+ Kh8 22. f6 1-0